Miglior piazzamento in UEFA Champions League - Quiz n°2 - Statistics

Statistiche generali
  • Questo quiz è stato fatto 30 volte
  • Il punteggio medio è 9 su 18
Statistiche sulle risposte
Hint Risposta % Corretto
Real Madrid Campione
93%
Milan Campione
85%
Liverpool Campione
85%
Atalanta Quarti di finale
78%
Cluj Fase a gironi
67%
Midtjylland Fase a gironi
56%
Ludogorets Fase a gironi
52%
Basilea Ottavi di finale / Seconda fase a gironi
52%
Borussia Dortmund Campione
48%
Anderlecht Ottavi di finale / Seconda fase a gironi
48%
Wolfsburg Quarti di finale
48%
Monaco Finale
44%
Athletic Bilbao Fase a gironi
22%
APOEL Nicosia Quarti di finale
22%
Lokomotiv Mosca Ottavi di finale / Seconda fase a gironi
19%
Benfica Quarti di finale
19%
Feyenoord Ottavi di finale / Seconda fase a gironi
7%
Panathīnaïkos Semifinale
7%
Nessun quiz corrispondente trovato
Distribuzione punteggi
Percentuale di utenti per punteggio
Percentile per numero di risposta
I tuoi punteggi nel tempo
Non hai fatto questo quiz